| 000 | 03999nam0a2200445 4500 | ||
|---|---|---|---|
| 001 | RU\NLR\BIBL_A\016249741 | ||
| 005 | 20250725142040.0 | ||
| 010 |
_a978-5-00155-550-6 _91500 |
||
| 021 |
_aRU _bКН-П-22-086413 _9КН-П-22-7653 |
||
| 035 | _a(NLR Aleph) 016249741 | ||
| 035 | _a(RuMoRGB)011438867 | ||
| 090 |
_a12823500 _c12823500 |
||
| 100 | _a20221227d2022 u y0rusy50 ca | ||
| 101 | 0 | _arus | |
| 102 | _aRU | ||
| 105 | _aabc z 001zd | ||
| 181 | 0 |
_ai3 _baxxe |
|
| 182 | 0 | _an | |
| 200 | 1 |
_aРжев, 1942. Первый летний успех _fА. В. Волков, А. П. Стаценко, В. С. Карасев [и др.] _gпод общей редакцией А. В. Драбкина |
|
| 203 |
_aТекст _bвизуальный _cнепосредственный |
||
| 210 |
_aМосква _cЯуза [и др.] _d2022 |
||
| 215 |
_aVIII, 624, [2] с., [23] л. цв. ил., карты _cил., карты, протр., табл. _d24 |
||
| 320 | _aУказ.: с. 604-625 | ||
| 330 | _a"Вспоминая героический подвиг наших солдат и офицеров в боях за город Ржев я часто задаю себе вопрос: Какой памятник поставить тем, кто погиб в этом бою и кто остался жив, но с каждым днем все более отдаляется от нас - от ран давних, от огня фронтового, от боя, что никогда не кончается? Какой им памятник соорудить? Гранит и мрамор недолговечны, а Вечному огню не выжечь из души боль и те слезы и горе... Нужен памятник такой, чтобы на весь белый свет, на все века, всем потомкам высказать, выплакать, рассказать, и восхищение, и отчаяние... И пути эти широкие, что никогда не кончаются... Таким памятником, я думаю, должна быть правда, слово людское, чтобы из поколения в поколение наших людей передавалось и трагедия войны, и счастье Победы, облик и дух героического времени войны, чтобы потомки наши за новыми кварталами и площадями нынешнего города Ржева разглядели окропленные кровью минувшей войны, улицы и переулки, разбитые и черные от пожарищ стены, вздыбленную от снарядов и бомб землю, с которой ценой жизни и крови наших солдат и офицеров был сметен жестокий враг" | ||
| 333 | _a16+ | ||
| 606 | 1 |
_aРжевско-Сычёвская операция _z1942 _92440995 _3RU\NLR\AUTH\661452165 |
|
| 675 |
_a355.48(470.331)"1942" _v4 |
||
| 686 | 1 | _aЦ35(2)722.236 | |
| 686 | 1 | _aТ3(2)722.112.7 | |
| 701 | 1 |
_7ca _8rus _aВолков _bА. В. _cвоен. историк _gАлексей В. _9253646 _3RU\NLR\AUTH\770253702 |
|
| 701 | 1 |
_aСтаценко _bА. П. _gАлексей Павлович |
|
| 701 | 1 |
_aКарасев _bВ. С. _gВасилий Степанович |
|
| 702 | 1 |
_4340 _7ca _8rus _aДрабкин _bА. В. _f1971- _gАртем Владимирович _978418 _3RU\NLR\AUTH\7795492 |
|
| 856 | 4 |
_lVNP_SKP _tVIEW _uhttps://webservices.nlr.ru/viewer/file?name=a016249741_002.txt _yАннотация |
|
| 856 | 4 | 1 |
_lVNP_SKP _tVIEW _uhttps://webservices.nlr.ru/viewer/file?name=t016249741_001.jpeg _yОбложка |
| 942 | _cBOOK | ||
| 980 | 4 | _aVNP_SKP | |
| 980 | _aNB | ||